000 00442nam a2200157Ia 4500
003 GCL
008 140319s9999 xx 000 0 ara d
040 _aGCL /
_cGCL
082 0 4 _a813.03
_bا ق
100 1 _aابراهيم عبدالقادر المازنى
245 1 0 _aقبض الريح /
_cابراهيم عبدالقادر المازنى
490 _a
650 0 4 _aالادب العربى
650 0 4 _aالادب
942 _2ddc
_cBK
999 _c39745
_d39745